Clifford takes a trip / (Record no. 4045)

MARC details
000 -LEADER
fixed length control field 01914cam a22004097a 4500
001 - CONTROL NUMBER
control field 4045
003 - CONTROL NUMBER IDENTIFIER
control field FISKH
005 - DATE AND TIME OF LATEST TRANSACTION
control field 20250527114557.0
008 - FIXED-LENGTH DATA ELEMENTS--GENERAL INFORMATION
fixed length control field 121211s2012 nyua j 000 1 eng d
010 ## - LIBRARY OF CONGRESS CONTROL NUMBER
LC control number 2012289132
020 ## - INTERNATIONAL STANDARD BOOK NUMBER
International Standard Book Number 9780545450133
020 ## - INTERNATIONAL STANDARD BOOK NUMBER
International Standard Book Number 9780545215916
020 ## - INTERNATIONAL STANDARD BOOK NUMBER
International Standard Book Number 0545450136
035 ## - SYSTEM CONTROL NUMBER
System control number (OCoLC)ocn774497478
040 ## - CATALOGING SOURCE
Original cataloging agency BTCTA
Language of cataloging eng
Transcribing agency BTCTA
Modifying agency BDX
-- CLE
-- IFJ
-- OCP
-- YW6
-- YDXCP
-- DLC
042 ## - AUTHENTICATION CODE
Authentication code lccopycat
050 00 - LIBRARY OF CONGRESS CALL NUMBER
Classification number PZ7.B7633
082 04 - DEWEY DECIMAL CLASSIFICATION NUMBER
Classification number 813.54
100 1# - MAIN ENTRY--PERSONAL NAME
Personal name Bridwell, Norman.
245 10 - TITLE STATEMENT
Title Clifford takes a trip /
Statement of responsibility, etc. Norman Bridwell
250 ## - EDITION STATEMENT
Edition statement This edition first printing, January 2011
260 ## - PUBLICATION, DISTRIBUTION, ETC.
Place of publication, distribution, etc. New York :
Name of publisher, distributor, etc. Scholastic,
Date of publication, distribution, etc. 1996
300 ## - PHYSICAL DESCRIPTION
Extent 32 unnumbered pages :
Other physical details color illustrations ;
Dimensions 21 cm
500 ## - GENERAL NOTE
General note Includes the original 6 stories, an original letter from Norman Bridwell to the reader, information about the creation of Clifford including an image of Norman's 1962 painting that inspired the Clifford series, the story behind the real Emily Elizabeth, and more.
505 ## - FORMATTED CONTENTS NOTE
Title J<br/>
520 ## - SUMMARY, ETC.
Summary, etc. Summer vacation means one thing - more time for Emily Elizabeth to play with Clifford! Until this summer, that is. Emily Elizabeth's family is going far away, so far that Clifford can't come. Or can he? Follow along as Clifford sniffs, swims, and tiptoes to find Emily Elizabeth - just in the nick of time!
521 8# - TARGET AUDIENCE NOTE
Target audience note 500<br/>
Source Lexile <br/>
521 8# - TARGET AUDIENCE NOTE
Target audience note J<br/>
Source Raz-plus <br/>
650 #0 - SUBJECT ADDED ENTRY--TOPICAL TERM
Topical term or geographic name entry element Clifford (Fictitious character : Bridwell)
Form subdivision Juvenile fiction.
650 #0 - SUBJECT ADDED ENTRY--TOPICAL TERM
Topical term or geographic name entry element Dogs
Form subdivision Juvenile fiction.
655 #0 - INDEX TERM--GENRE/FORM
Genre/form data or focus term Picture books for children.
856 42 - ELECTRONIC LOCATION AND ACCESS
Materials specified Contributor biographical information
Uniform Resource Identifier <a href="http://www.loc.gov/catdir/enhancements/fy1306/2012289132-b.html">http://www.loc.gov/catdir/enhancements/fy1306/2012289132-b.html</a>
856 42 - ELECTRONIC LOCATION AND ACCESS
Materials specified Publisher description
Uniform Resource Identifier <a href="http://www.loc.gov/catdir/enhancements/fy1306/2012289132-d.html">http://www.loc.gov/catdir/enhancements/fy1306/2012289132-d.html</a>
906 ## - LOCAL DATA ELEMENT F, LDF (RLIN)
a 7
b cbc
c copycat
d 2
e ncip
f 20
g y-gencatlg
942 ## - ADDED ENTRY ELEMENTS (KOHA)
Source of classification or shelving scheme Dewey Decimal Classification
Koha item type Books
Suppress in OPAC No
Holdings
Withdrawn status Lost status Source of classification or shelving scheme Damaged status Not for loan Collection Home library Current library Shelving location Date acquired Total Checkouts Full call number Barcode Date last seen Date last checked out Price effective from Koha item type Copy number
    Dewey Decimal Classification     Juvenile Fiction Footprints International School Library Network Toul Kork Campus Footprints International School Library Network Toul Kork Campus TK Primary Library Room(4th Floor), Bookcase 1&2, Shelves 1-16, Dark Blue Books 06/03/2024 6 BRI 813.54 PZ7.B7633 2024-0782 03/11/2026 03/04/2026 06/03/2024 Books  
    Dewey Decimal Classification     Juvenile Fiction Footprints International School Library Network Toul Kork Campus Footprints International School Library Network Toul Kork Campus TK Primary Library Room(4th Floor), Bookcase 1&2, Shelves 1-16, Dark Blue Books 10/23/2024 3 BRI 813.54 PZ7.B7633 2024-2208 11/12/2025 10/22/2025 10/23/2024 Books 2
    Dewey Decimal Classification     Juvenile Fiction Footprints International School Library Network Toul Tom Poung Campus Footprints International School Library Network Toul Tom Poung Campus TTP Primary Dark Blue Bookshelves 05/27/2025 1 BRI 813.54 PZ7.B7633 2025-1407 10/10/2025 10/03/2025 05/27/2025 Books 3